| 000 | 00758 a2200217 4500 | ||
|---|---|---|---|
| 005 | 20250205122115.0 | ||
| 020 | _a0745305075 (pb) | ||
| 050 | 0 | 0 |
_aKD 750 _bO'DO 1993 |
| 100 | 1 | _aO'Donovan, Katherine. | |
| 245 | 1 | 0 |
_aFamily law matters / _cKatherine O'Donovan. |
| 264 |
_aLondon : _bPluto press, _c1993 |
||
| 300 |
_a138 pages _billustrations |
||
| 336 |
_2rdacontent _atext _btxt |
||
| 337 |
_2rdamedia _aunmediated _bn |
||
| 338 |
_2rdacarrier _avolume _bnc |
||
| 504 | _aIncludes bibliographical references (p. 127-134) and index. | ||
| 650 | 0 | _aDomestic relations | |
| 650 | 0 | _aDomestic relations. | |
| 942 |
_2lcc _cBK _h750 _iO'DO _kKD |
||
| 999 |
_c11452 _d11452 |
||